000 00441nam a2200169Ia 4500
003 GCL
008 140319s9999 xx 000 0 eng d
040 _aGCL /
_cGCL
082 0 4 _a180
_bJ A
100 1 _aJORDAN, WILLIAM
245 1 0 _aANCIENT CONCEPTS OF PHILOSOPHY /
_cJORDAN, WILLIAM
260 _a[S.N] :
_bROUTLEDGE ،
_c1993
300 _a207 P
650 0 4 _aANCIENT PHILOSOPHY
650 0 4 _aMETHODOLOGY - HISTORY
942 _2ddc
_cBK
999 _c21320
_d21320